000 00638nam a2200241Ia 4500
003 OSt
005 20220924115422.0
006 a|||||r|||| 00| 0
007 ta
008 220923b |||||||| |||| 00| 0 san d
024 _a17150
037 _cTextual
040 _aARTS
_cARTS
_bsan
041 _2san
_asan
082 _aQ111:22, 15L6
100 _aHaug Martin Ed.
245 0 _aAitareva brhmanam of the Rigveda
260 _aDelhi
_bBharatiya Pub House
_c1976
300 _aix,80,215,6p.
_ccm.
650 _aRELIGION
942 _hQ111:22, 15L6
_cTEXL
_2CC
999 _c398262
_d398262